¿ Cómo recosntruimos un nosotros ? /

محفوظ في:
التفاصيل البيبلوغرافية
المؤلف الرئيسي: Lechner, Norbert
التنسيق: نص
الموضوعات:
الوسوم: إضافة وسم
لا توجد وسوم, كن أول من يضع وسما على هذه التسجيلة!

MARC

LEADER 00000 a a2200000 04500
001 9648
003
040
100 |a Lechner, Norbert  
245 |a ¿ Cómo recosntruimos un nosotros ? /  |c Norbert Lechner 
500 |a Reproducción del capítulo de la obra: Las sombras del mañana. La dimensión subjetiva de la política  
650 |a IDENTIDAD CULTURAL  
650 |a ESTADO  
650 |a CIUDADANIA  
650 |a NACIONALIDAD  
650 |a CONDICIONES SOCIALES  
773 |g volumen 7, número 29; páginas 52-65  
999 |c 23319  |d 23319